书目信息 |
| 题名: |
化工传质与分离过程
|
|
| 作者: | 贾绍义 , 柴诚敬 主编 | |
| 分册: | ||
| 出版信息: | 北京 化学工业出版社 2007.08 |
|
| 页数: | 350页 | |
| 开本: | 26cm | |
| 丛书名: | ||
| 单 册: | ||
| 中图分类: | TQ021.4 | |
| 科图分类: | ||
| 主题词: | 传质--chuan zhi--化工过程--高等学校--教材 , 分离--fen li--化工过程--高等学校--教材 | |
| 电子资源: | ||
| ISBN: | 978-7-5025-9874-7 | |
| 000 | 01086nam0 2200277 450 | |
| 001 | 012008866667 | |
| 005 | 20080627101200.67 | |
| 010 | @a978-7-5025-9874-7@dCNY36.00 | |
| 100 | @a20080626d2007 em y0chiy0120 ea | |
| 101 | 0 | @achi |
| 102 | @aCN@b110000 | |
| 105 | @aak z 000yy | |
| 106 | @ar | |
| 200 | 1 | @a化工传质与分离过程@Ahua gong chuan zhi yu fen li guo cheng@f贾绍义, 柴诚敬主编@Fjia shao yi,chai cheng jing zhu bian |
| 205 | @a第2版 | |
| 210 | @a北京@c化学工业出版社@d2007.08 | |
| 215 | @a350页@c图@d26cm | |
| 300 | @a普通高等教育”十一五“国家级规划教材 面向21世界课程教材 | |
| 330 | @a本教材以质量传递的基本理论为主线,阐述了各种传质分离过程的共性和工程处理方法。力求论述严谨,层次清晰、重点突出、简繁适当,理论联系实际,强调工程方法,注意启迪思维,引导创新,便于自学。 | |
| 606 | 0 | @a传质@Achuan zhi@x化工过程@x高等学校@j教材 |
| 606 | 0 | @a分离@Afen li@x化工过程@x高等学校@j教材 |
| 690 | @aTQ021.4@v4 | |
| 701 | 0 | @a贾绍义@Ajia shao yi@4主编 |
| 701 | 0 | @a柴诚敬@Achai cheng jing@4主编 |
| 801 | 0 | @aCN@bQSSK@c20080627 |
| 905 | @b729294-96@dTQ021.4@eJ248@f3 | |
| 化工传质与分离过程/贾绍义, 柴诚敬主编.-第2版.-北京:化学工业出版社,2007.08 |
| 350页:图;26cm |
| 普通高等教育”十一五“国家级规划教材 面向21世界课程教材 |
| ISBN 978-7-5025-9874-7:CNY36.00 |
| 本教材以质量传递的基本理论为主线,阐述了各种传质分离过程的共性和工程处理方法。力求论述严谨,层次清晰、重点突出、简繁适当,理论联系实际,强调工程方法,注意启迪思维,引导创新,便于自学。 |
| ● |
| 相关链接 |
|
|
|
正题名:化工传质与分离过程
索取号:TQ021.4/J248
 
预约/预借
| 序号 | 登录号 | 条形码 | 馆藏地/架位号 | 状态 | 备注 |
| 1 | 729294 | 207292945 | 自科库501/501自科库 137排8列6层/ [索取号:TQ021.4/J248] | 在馆 | |
| 2 | 729295 | 207292954 | 自科库501/501自科库 137排8列6层/ [索取号:TQ021.4/J248] | 在馆 | |
| 3 | 729296 | 207292963 | 自科库501/ [索取号:TQ021.4/J248] | 在馆 |